Statistics for Planety sluneční soustavy

Click here to take the quiz!

General Stats

  • This quiz has been taken 719 times
  • The average score is 8 of 8

Answer Stats

Planeta% Correct
5.Jupiter
98%
4.Mars
98%
7.Uran
98%
3.Země
98%
8.Neptun
97%
6.Saturn
97%
2.Venuše
96%
1.Merkur
92%

Score Distribution

Percentile by Number Answered

Percent of People with Each Score

Your Score History

You have not taken this quiz